00891cam a22002531 4500001001300000003000400013005001700017008004100034010001700075025001900092040001800111043001200129050002400141111007900165245018700244260005400431300002600485350001100511500001700522650002400539650002500563700003200588999001700620sa 68012356 DLC20260227112609.0711115s1966 ii a 100 0 eng  asa 68012356  aPL480:I-E-7652 aDLCcDLCdDLC aa-ii---00aS633.5.I4bF46 19652 aFertilizer Workshop on Hilly Areas of Punjab & Himachal,cPalampur,d1965.10aPAU recommends hill soil treatment;bproceedings of the Fertilizer Workshop on Hilly Areas of Punjab & Himachal at Palampur on August 26 & 27, 1965.c[Edited by Ravinder Kumar Sethi. aLudhiana]bPunjab Agricultural Universityc[1966] a23 p.billus.c23 cm. aRe0.50 aCover title. 0aFertilizerszIndia. 0aHill farmingzIndia.1 aSethi, Ravinder Kumar,eed. c84480d84480